Rekorde der Bundesliga - Statistiken

Allgemein
  • Dieses Quiz wurde 606 mal gespielt
  • Das Durchschnittsergebnis liegt bei 15 aus 31
Antwortstatistiken
Hint Antwort % Korrekt
Rekordmeister (31) FC Bayern München
100%
Meisten Bundesliga-Tore in eigener Saison (41) Robert Lewandowski
92%
Spieler mit den meisten Toren in der Bundesliga (365) Gerd Müller
89%
Meiste Torvolagen eines Spielers in einer Saison (21) Thomas Müller
87%
Meiste Tore eines Spielers in einem Spiel (6) Dieter Müller
86%
Torhüter mit den meisten Zu-Null-Spielen (220) Manuel Neuer
84%
Einziger Deutscher Meister als Aufsteiger 1. FC Kaiserslautern
75%
Teuerster Abgang aus der Bundesliga (140 Mio) Ousmane Dembélé
67%
Torhüter mit einem Treffer Jens Lehmann, Frank Rost, Marwin Hitz
66%
Schlechteste Bundesliga Saison eines Vereins SC Tasmania 1900 Berlin
65%
Jüngster Bundesligaspieler (16..) Youssoufa Moukoko
62%
Älteste Torschütze (40...) Claudio Pizarro
60%
Meiste 0:0-Spiele in Folge (4) FC Schalke 04
58%
Spieler mit den meisten Jokertoren (33) Nils Petersen
56%
Teuerster Transfer in die Bundesliga (80 Mio) Lucas Hernández
55%
Stadion mit den meisten Zuschauern in einem Spiel (88.075) Berliner Olympiastadion
53%
Spieler, der die meisten Strafstöße in Folge verwandelt hat (17) Hans-Jörg Butt
41%
Tor aus größter Entfernung (83 M) Moritz Stoppelkamp
40%
Meiste Minuten ohne Gegentor (884) Timo Hildebrand
37%
Trainer mit den meisten Meisterschaften (8) Udo Lattek
33%
Feldspieler, der in 203 Bundesliga Spielen kein Tor erzielen konnte Dennis Diekmeier
30%
Schnellstes Bundesliga-Tor (9 Sek) Karim Bellarabi
30%
Meiste Bundesliga-Einsätze (602) Karl-Heinz Körbel
28%
Trainer mit den meisten Spielen (832) Otto Rehhagel
26%
Spieler mit den meisten Gelben Karten in einer Saison (17) Klaus Gjasula
21%
Spieler mit den meisten Gelben Karten (114) Stefan Effenberg
20%
Erstes Tor der Bundesligageschichte Timo Konietzka
12%
Schiedsrichter mit den meisten Einsätzen (344) Wolfgang Stark
7%
Älteste Startelf eines Vereins (31,5) Arminia Bielefeld
6%
Meiste Gelb-Rote Karten (7) Luiz Gustavo
5%
Meiste Strafstöße gehalten (23) Rudi Kargus
3%
Keine übereinstimmenden Quizze gefunden
Verteilung der Resultate
Anzahl Personen mit jedem Resultat
Perzentil nach korrekt beantworteten Fragen
Ihre Resultats-Entwicklung
Sie haben dieses Quiz noch nicht gespielt